Statistics for Top position for each NHL team all-time

Click here to take the quiz!

General Stats

  • This quiz has been taken 212 times
  • The average score is 71 of 180

Answer Stats

Position Team Player last name % Correct
RWDucksSelanne
86%
COilersGretzky
85%
GAvalancheRoy
85%
LWBlackhawksHull
84%
CDucksGetzlaf
81%
DBruinsOrr
80%
CAvalancheSakic
80%
GSabresHasek
77%
GDevilsBrodeur
77%
CPenguinsLemieux
76%
CStarsModano
75%
CRed WingsYzerman
73%
CRangersMessier
73%
RWOilersKurri
72%
DDucksNiedermayer
72%
GCoyotesSmith
72%
DBruinsBourque
72%
CBruinsEsposito
71%
RWRed WingsHowe
71%
RWCoyotesDoan
71%
RWPenguinsJagr
69%
LWDucksKariya
67%
LWBlue JacketsNash
67%
LWCapitalsOvechkin
67%
RWCanadiensLafleur
67%
CCanucksSedin
66%
CBlackhawksMikita
65%
DOilersCoffey
64%
GPanthersLuongo
64%
DDevilsStevens
64%
CKingsDionne
63%
DRed WingsLidstrom
63%
CHurricanesFrancis
63%
CSharksThornton
63%
RWLightningSt-Louis
62%
RWIslandersBossy
62%
RWPanthersBure
62%
GOilersFuhr
62%
DDucksPronger
59%
RWFlamesIginla
59%
DPredatorsWeber
58%
DAvalancheBlake
57%
DFlamesSuter
56%
LWKingsRobitaille
55%
GPredatorsRinne
55%
DFlamesMacInnis
55%
DIslandersPotvin
55%
RWSenatorsAlfredsson
54%
CFlyersClarke
54%
CIslandersTrottier
54%
GStarsBelfour
54%
DCanadiensRobinson
53%
GDucksGiguere
53%
CCanadiensBeliveau
53%
LWSharksMarleau
51%
CLightningLecavalier
51%
GHurricanesWard
50%
CWildKoivu
50%
CSabresPerreault
49%
GRed WingsSawchuk
47%
RWWildGaborik
47%
CCoyotesHawerchuk
47%
GWildBackstrom
47%
LWCoyotesTkachuk
46%
DRangersLeetch
46%
DAvalancheFoote
45%
CJetsSavard
44%
LWDevilsElias
44%
GCanadiensDryden
43%
LWSenatorsHeatley
43%
DSenatorsKarlsson
43%
DBlackhawksChelios
42%
RWBruinsNeely
42%
CFlamesNieuwendyk
41%
GFlamesKiprusoff
39%
DWildBurns
38%
DKIngsDoughty
38%
DSabresHousley
38%
LWJetsKovalchuk
37%
LWBruinsBucyk
37%
CPanthersJokinen
37%
RWAvalancheHejduk
36%
GFlyersParent
36%
DCanadiensHarvey
33%
LWSabresAndreychuk
33%
RWCanucksNaslund
33%
CMaple LeafsSittler
33%
CPredatorsLegwand
32%
RWStarsCiccarelli
32%
RWJetsHossa
31%
CSenatorsSpezza
31%
GCapitalsKolzig
30%
DStarsZubov
29%
GSharksNabokov
28%
GBlue JacketsMason
28%
GPenguinsBarrasso
28%
LWAvalancheGoulet
27%
DJetsByfuglien
26%
GKingsVachon
25%
DPenguinsMurphy
24%
LWRed WingsLindsay
24%
DMaple LeafsSalming
24%
DCoyotesNumminen
24%
GLightningKhabibulin
23%
LWFlyersBarber
22%
DMaple LeafsHorton
22%
RWSabresRobert
22%
RWCapitalsBondra
22%
RWBlue JacketsFoligno
22%
CBlue JacketsJohansen
21%
DRed WingsKelly
20%
RWKingsTaylor
20%
CBluesFederko
20%
DSenatorsRedden
19%
DBlackhawksWilson
18%
DSharksBoyle
17%
LWIslandersGillies
16%
RWMaple LeafsKessel
15%
RWSharksNolan
15%
RWFlyersLeach
15%
DCanucksLumme
15%
LWWildBrunette
15%
RWBlackhawksLarmer
15%
GSenatorsLalime
14%
LWStarsBellows
14%
CDevilsMuller
14%
DCapitalsLangway
13%
DHurricanesWesley
13%
LWFlamesRoberts
12%
LWMaple LeafsMahovlich
12%
LWCanadiensMoore
11%
DJetsEnstrom
11%
DRangersPark
11%
GMaple LeafsBroda
11%
LWOilersTikkanen
10%
GJetsLehtonen
10%
DFlyersDesjardins
10%
GBluesLiut
9%
GBruinsBrimsek
9%
RWBluesSutter
9%
RWPredatorsErat
9%
DPredatorsTimonen
9%
LWHurricanesWhitney
7%
DStarsSydor
7%
DCoyotesCarlyle
7%
DBlue JacketsTyutin
7%
RWDevilsMaclean
7%
LWPredatorsSullivan
7%
DCanucksOhlund
7%
RWRangersBathgate
7%
RWHurricanesDineen
7%
DPanthersBouwmeester
6%
DLightningHamrlik
6%
DHurricanesSamuelsson
5%
DSabresRamsey
5%
LWRangersHadfield
5%
CCapitalsHunter
4%
DBlue JacketsKlesla
4%
DPanthersSvehla
4%
DIslandersPersson
3%
GRangersLunqvist
1%
DWildSchultz
1%
DDevilsNiederamyer
0%

Score Distribution

Percentile by Number Answered

Percent of People with Each Score

Your Score History

You have not taken this quiz